000 01313nam0a22003011 4500
001 rc\4347878
005 20260406071655.0
021 _aRU
_bРг7664-60
035 _a(NLR Aleph) 008277082
090 _a8492920
_c8492920
100 _a20130416d1960 |||y0rusy50 ca
101 0 _arus
102 _aRU
105 _ay j |||||
200 1 _aМатериал к лекции на тему "В.И. Ленин и революционное творчество российского пролетариата в 1917 году"
_fВсесоюз. о-во по распространению полит. и науч. знаний
210 _aМосква
_cЗнание
_d1960
215 _a46 л.
_d29
225 1 _aВ помощь лектору
300 _aПеред загл. авт.: канд. ист. наук Л.С. Гапоненко
300 _aОтпеч. множит. аппаратом на одной стороне листа
320 _aБиблиогр.: л. 43-45
700 1 _8rus
_7ca
_aГапоненко
_bЛ. С.
_f1916-2005
_gЛука Степанович
_3RU\NLR\AUTH\7716715
_9126350
702 1 _aЛенин
_bВ.И.
_f1870-1924
_gВладимир Ильич
_4570
801 0 _aRU
_bNLR
_gpsbo
801 1 _aRU
_bELAR
_2rusmarc
852 _aNLR
_j60-8/2915
942 _cBOOK
980 _aNB